书目信息 |
| 题名: |
口译教程
|
|
| 作者: | 雷天放 , 陈菁 主编 | |
| 分册: | 教师用书 | |
| 出版信息: | 上海 上海外语教育出版社 2006.06 |
|
| 页数: | 192页 | |
| 开本: | 26cm | |
| 丛书名: | 新世纪高等院校专业本科生系列教材 | |
| 单 册: | ||
| 中图分类: | H31 | |
| 科图分类: | ||
| 主题词: | 英语--ying yu--口译--高等学校--教学参考资料 | |
| 电子资源: | ||
| ISBN: | 7-81095-936-0 | |
| 000 | 01021nam 2200277 450 | |
| 001 | 012006234842 | |
| 005 | 20060911164233.42 | |
| 010 | @a7-81095-936-0@dCNY20.00 | |
| 100 | @a20060808d2006 km y0chiy0120 ea | |
| 101 | 0 | @achi@aeng |
| 102 | @aCN@b310000 | |
| 105 | @ay z 000yy | |
| 106 | @ar | |
| 200 | 1 | @a口译教程@Akou yi jiao cheng@i教师用书@f雷天放, 陈菁主编@Flei tian fang,chen jing zhu bian |
| 210 | @a上海@c上海外语教育出版社@d2006.06 | |
| 215 | @a192页@d26cm | |
| 225 | 2 | @a新世纪高等院校专业本科生系列教材@Axin shi ji gao deng yuan xiao zhuan ye ben ke sheng xi lie jiao cai |
| 330 | @a本书为供高校英语专业本科生使用的口译教材,教师用书包括课程与结构总览、教学指南、参考译文等。 | |
| 410 | 0 | @12001 @a新世纪高等院校专业本科生系列教材 |
| 517 | 1 | @a教师用书@Ajiao shi yong shu |
| 606 | 0 | @a英语@Aying yu@x口译@x高等学校@j教学参考资料 |
| 690 | @aH31@v4 | |
| 701 | 0 | @a雷天放@Alei tian fang@4主编 |
| 701 | 0 | @a陈菁@Achen jing@4主编 |
| 801 | 0 | @aCN@bQSSK@c20060911 |
| 905 | @b599792-94@dH31@eL083 | |
| 口译教程.教师用书/雷天放, 陈菁主编.-上海:上海外语教育出版社,2006.06 |
| 192页;26cm.-(新世纪高等院校专业本科生系列教材) |
| ISBN 7-81095-936-0:CNY20.00 |
| 本书为供高校英语专业本科生使用的口译教材,教师用书包括课程与结构总览、教学指南、参考译文等。 |
| ● |
| 相关链接 |
|
|
|
正题名:口译教程
索取号:H31/L083
 
预约/预借
| 序号 | 登录号 | 条形码 | 馆藏地/架位号 | 状态 | 备注 |
| 1 | 599792 | 205997929 | 语言库209/209语言库 83排2列1层/ [索取号:H31/L083] | 在馆 | |
| 2 | 599793 | 205997938 | 语言库209/209语言库 83排2列1层/ [索取号:H31/L083] | 在馆 | |
| 3 | 599794 | 205997947 | 语言库209/209语言库 83排2列1层/ [索取号:H31/L083] | 在馆 |